Images par couleur - Mauve - Statistiques

Statistiques générales
  • Ce quiz a été pris 181 fois
  • Le résultat moyen est 9 sur 12
Statistiques - réponses
Par images Réponse % Correct
Macaron
97%
Fleur
95%
Crayon
94%
Robe
94%
Mur
89%
Raisin
89%
Livre
88%
Cupcake
85%
Pantoufle
71%
Smoothie
40%
Coquillage
37%
Cristaux
23%
Aucun quiz correspondant
Distribution des résultats
% des personnes avec chaque résultat
Percentile par nombre de réponses
Votre historique - résultats
Vous n’avez pas pris ce quiz